[Event "SVK-chT4 A21 2223"]
[Site "Slovakia"]
[Date "2022.11.13"]
[Round "3.5"]
[White "Madzo, Anton"]
[Black "Sefcik, Oliver"]
[Result "1/2-1/2"]
[WhiteElo "1470"]
[BlackElo "1306"]
[PlyCount "61"]
[EventDate "2022.10.09"]
[EventType "team-tourn"]
[EventRounds "11"]
[EventCountry "SVK"]
[SourceTitle "EXT 2024"]
[Source "ChessBase"]
[SourceDate "2023.10.10"]
[SourceVersion "1"]
[SourceVersionDate "2023.10.10"]
[SourceQuality "1"]
[WhiteTeam "Vrbove"]
[BlackTeam "Holic II"]
[WhiteTeamCountry "SVK"]
[BlackTeamCountry "SVK"]

1. e4 d5 2. exd5 Qxd5 3. Nc3 Qa5 4. Nf3 Bg4 5. Be2 Nf6 6. 0-0 e6 7. d3 Be7 8. Bd2 c6 9. Re1 Nbd7 10. Nd4 Bxe2 11. Qxe2 0-0 12. Nf3 Qc7 13. Ne4 Rad8 14. Bg5 h6 15. Nxf6+ Nxf6 16. Bh4 Rd7 17. Bg3 Bd6 18. Bxd6 Qxd6 19. h3 Rfd8 20. Qe5 b5 21. Qxd6 Rxd6 22. Re5 Rc8 23. Rae1 a6 24. d4 Nd7 25. R5e2 c5 26. c3 a5 27. dxc5 Rxc5 28. Nd4 b4 29. Nb3 Rcd5 30. cxb4 axb4 31. Re4 1/2-1/2

[Event "SVK-chT4 A21 1920"]
[Site "Slovakia"]
[Date "2020.01.12"]
[Round "6.3"]
[White "Dubecky, Ladislav"]
[Black "Madzo, Anton"]
[Result "1-0"]
[WhiteElo "1565"]
[BlackElo "1466"]
[PlyCount "59"]
[EventDate "2019.10.13"]
[EventType "team-tourn"]
[EventRounds "11"]
[EventCountry "SVK"]
[SourceTitle "CBM 194 Extra"]
[Source "ChessBase"]
[SourceDate "2020.03.31"]
[SourceVersion "1"]
[SourceVersionDate "2020.03.31"]
[SourceQuality "1"]
[WhiteTeam "Kopcany"]
[BlackTeam "Vrbove II"]
[WhiteTeamCountry "SVK"]
[BlackTeamCountry "SVK"]

1. e4 e6 2. f4 b6 3. Nf3 Bb7 4. Nc3 Nc6 5. d4 Bb4 6. Bd2 Nge7 7. Bd3 Bxc3 8. Bxc3 d5 9. 0-0 a5 10. b3 Ba6 11. Ng5 Bxd3 12. cxd3 g6 13. Qf3 Qd7 14. Rad1 h6 15. Qh3 Ng8 16. f5 exf5 17. exf5 0-0-0 18. Nf3 g5 19. Ne5 Nxe5 20. dxe5 d4 21. Be1 Re8 22. Rc1 c5 23. Qf3 Ne7 24. Qa8+ Kc7 25. Qa7+ Kc6 26. Qa6 Kd5 27. Qxb6 Rc8 28. f6 Rc6 29. Qb5 Rd8 30. Qc4+ 1-0

[Event "SVK-chT4 A21 1920"]
[Site "Slovakia"]
[Date "2019.12.01"]
[Round "4.3"]
[White "Skapik, Branislav"]
[Black "Madzo, Anton"]
[Result "1-0"]
[WhiteElo "1755"]
[BlackElo "1462"]
[PlyCount "63"]
[EventDate "2019.10.13"]
[EventType "team-tourn"]
[EventRounds "11"]
[EventCountry "SVK"]
[SourceTitle "CBM 193 Extra"]
[Source "ChessBase"]
[SourceDate "2020.01.31"]
[SourceVersion "1"]
[SourceVersionDate "2020.01.31"]
[SourceQuality "1"]
[WhiteTeam "Brezova pod Bradlom"]
[BlackTeam "Vrbove II"]
[WhiteTeamCountry "SVK"]
[BlackTeamCountry "SVK"]

1. e4 Nc6 2. d4 d5 3. e5 e6 4. Nf3 g6 5. Be2 Bg7 6. 0-0 Nge7 7. c3 0-0 8. Bg5 Qe8 9. Qc1 a5 10. Nh4 Nf5 11. Nxf5 exf5 12. Re1 f6 13. exf6 Bxf6 14. Bxf6 Rxf6 15. Bf3 Qf7 16. Qf4 Re6 17. Nd2 Rxe1+ 18. Rxe1 Be6 19. Nf1 Rc8 20. Ne3 Ne7 21. Nc2 Qf6 22. g4 g5 23. Qe3 Kf7 24. gxf5 Qxf5 25. Bh5+ Ng6 26. Qe2 Kf6 27. Ne3 Qh3 28. Ng4+ Bxg4 29. Bxg4 Qh4 30. Bxc8 Nf4 31. Qe5+ Kg6 32. Bf5+ 1-0

[Event "SVK-chT4 A21 1617"]
[Site "Slovakia"]
[Date "2016.12.18"]
[Round "6.5"]
[White "Vozarova, Adriana"]
[Black "Madzo, Anton"]
[Result "1-0"]
[WhiteElo "1607"]
[BlackElo "1499"]
[PlyCount "55"]
[EventDate "2016.10.09"]
[EventType "team-tourn"]
[EventRounds "11"]
[EventCountry "SVK"]
[SourceTitle "EXT 2018"]
[Source "ChessBase"]
[SourceDate "2017.10.13"]
[SourceVersion "1"]
[SourceVersionDate "2017.10.13"]
[SourceQuality "1"]
[WhiteTeam "Stefanov"]
[BlackTeam "Vrbove II"]
[WhiteTeamCountry "SVK"]
[BlackTeamCountry "SVK"]

1. e4 e5 2. Nf3 d6 3. d4 exd4 4. Nxd4 Bd7 5. Nc3 Nc6 6. Be3 g6 7. Qd2 Bg7 8. 0-0-0 Nge7 9. f3 0-0 10. g4 Nxd4 11. Bxd4 Bxd4 12. Qxd4 Nc6 13. Qd2 a6 14. h4 Qf6 15. Qg2 Be6 16. Qg3 Ne5 17. Be2 Nc6 18. g5 Qe5 19. f4 Qc5 20. h5 Nb4 21. a3 Na2+ 22. Nxa2 Bxa2 23. hxg6 fxg6 24. Qh3 Rf7 25. Bg4 Re8 26. f5 Rxe4 27. Rde1 Rxg4 28. Re8+ 1-0

[Event "SVK-chT4 A21 1516"]
[Site "Slovakia"]
[Date "2015.10.04"]
[Round "1.2"]
[White "Madzo, Anton"]
[Black "Pripko, Bystrik"]
[Result "0-1"]
[WhiteElo "1516"]
[BlackElo "1683"]
[PlyCount "60"]
[EventDate "2015.10.04"]
[EventType "team-tourn"]
[EventRounds "11"]
[EventCountry "SVK"]
[SourceTitle "CBM 170 Extra"]
[Source "ChessBase"]
[SourceDate "2016.02.25"]
[SourceVersion "1"]
[SourceVersionDate "2016.02.25"]
[SourceQuality "1"]
[WhiteTeam "Vrbove III"]
[BlackTeam "Chtelnica Kamenar"]
[WhiteTeamCountry "SVK"]
[BlackTeamCountry "SVK"]

1. c4 e5 2. Nc3 Nf6 3. e4 Nc6 4. Nf3 Bb4 5. a3 Bxc3 6. dxc3 Nxe4 7. Qd5 Nf6 8. Bg5 0-0 9. Qd1 h6 10. Bh4 Qe7 11. Be2 Qe6 12. Bxf6 Qxf6 13. 0-0 d6 14. Nd2 Qg6 15. Bf3 Ne7 16. Re1 f5 17. g3 Rb8 18. a4 Qg5 19. h4 Qf6 20. Qe2 g5 21. hxg5 hxg5 22. Kg2 g4 23. Bd5+ Nxd5 24. cxd5 f4 25. Ne4 f3+ 26. Kg1 fxe2 27. Nxf6+ Rxf6 28. Rxe2 Bf5 29. Kg2 Bd3 30. Rd2 Be4+ 0-1

[Event "SVK-chT4A21 1314"]
[Site "Slovakia"]
[Date "2014.01.12"]
[Round "6.5"]
[White "Madzo, Anton"]
[Black "Sprusansky, Ferdinand"]
[Result "1/2-1/2"]
[WhiteElo "1611"]
[BlackElo "1439"]
[PlyCount "91"]
[EventDate "2013.10.06"]
[EventType "team-tourn"]
[EventRounds "11"]
[EventCountry "SVK"]
[SourceTitle "EXT 2022"]
[Source "ChessBase"]
[SourceDate "2021.10.06"]
[SourceVersion "1"]
[SourceVersionDate "2021.10.06"]
[SourceQuality "1"]
[WhiteTeam "Vrbove III"]
[BlackTeam "Kopcany"]
[WhiteTeamCountry "SVK"]
[BlackTeamCountry "SVK"]

1. c4 e5 2. e4 Nf6 3. d3 c6 4. Bg5 Be7 5. Nf3 d6 6. Be2 h6 7. Bxf6 Bxf6 8. 0-0 0-0 9. b4 Re8 10. Nbd2 d5 11. cxd5 cxd5 12. Nb3 d4 13. a3 b6 14. Rc1 Bg5 15. Nxg5 Qxg5 16. Re1 Bh3 17. g3 Bd7 18. Nd2 b5 19. Rc7 a5 20. Nf3 Qf6 21. bxa5 Rxa5 22. Qc1 Qd6 23. Qc5 Qxc5 24. Rxc5 Rxa3 25. Nxe5 b4 26. Nxd7 Nxd7 27. Rb5 b3 28. Rb1 Rb8 29. Rxb8+ Nxb8 30. Kg2 Nc6 31. Bd1 b2 32. Rxb2 Rxd3 33. Be2 Rc3 34. Rd2 f6 35. Bb5 Na7 36. Ba6 Rc6 37. Bb7 Rd6 38. Bd5+ Kf8 39. Rxd4 Nc6 40. Rc4 Ne7 41. Rc5 f5 42. Ra5 Nxd5 43. exd5 g5 44. h3 Ke7 45. Kf3 Kf6 46. Ke3 1/2-1/2